000 00898nam a2200229 a 4500
999 _c12319
_d12319
001 12319
003 BD-JhCC
005 20221116134024.0
008 211023s2021 bg a|||| |||| 000 0 ben d
020 _a9789849533610
035 _a(BD-JhCC)12319
040 _aBD-JhCC
_dBD-JhCC
041 _aben
082 _a320
_bAHA 2021
100 _aআহমদ, মহিউদ্দিন
245 _aলাল সন্ত্রাস :
_bসিরাজ সিকদার ও সর্বহারা রাজনীতি /
_cমহিউদ্দিন আহমদ
260 _aঢাকা :
_bবাতিঘর :
_c২০২১.
300 _a৪২৯ পৃ. :
_bচিত্রবলাী সংযোজিত,
_c২১ সেমি.
504 _aগ্রন্থপঞ্জি অর্ন্তভূক্ত।
650 _aSocio Politics
_zBangladesh
942 _2ddc
_cBK
_03